Statistics for QS World University Rankings Quiz

Click here to take the quiz!

General Stats

  • This quiz has been taken 33,095 times
    (10,218 since last reset)
  • The average score is 17 of 50

Answer Stats

# University % Correct
3Harvard
96%
5Oxford
94%
15Yale
86%
6Cambridge
85%
1MIT
73%
10University College London
65%
13Princeton
65%
27Berkeley
64%
2Stanford
63%
16Columbia
53%
32UCLA
49%
43New York
47%
19Penn
45%
23Tokyo
44%
50Université PSL
44%
14Cornell
41%
9Chicago
39%
42Sydney
35%
4Caltech
34%
28Toronto
34%
20Michigan
33%
26Duke
32%
11National University of
Singapore
31%
18Edinburgh
30%
39Melbourne
30%
25University of Hong Kong
27%
38London School of Economics
27%
29Manchester
26%
34Northwestern
24%
31King's College London
24%
36Seoul
24%
8Imperial College London
22%
21Johns Hopkins
22%
33McGill
20%
41UCSD
18%
35Kyoto
15%
47University of British Columbia
14%
46Carnegie Mellon
12%
7ETH Zurich
11%
30Peking University
10%
17Tsinghua
9%
22École Polytechnique
Fédérale de Lausanne
9%
24Australian National University
8%
12Nanyang Technological
University
8%
45New South Wales
7%
48Queensland
7%
44Fudan University
5%
40KAIST
4%
49Chinese University of Hong Kong
4%
37Hong Kong University
of Science and Technology
4%

Score Distribution

Percentile by Number Answered

Percent of People with Each Score

Your Score History

You have not taken this quiz since the last reset